| 000 | 00927nam a2200229Ia 4500 | ||
|---|---|---|---|
| 001 | 11217 | ||
| 003 | GE_BSU | ||
| 008 | 181216s||||||||xx |||||||||||||| ||und|| | ||
| 040 | _cGE_BSU | ||
| 080 | _a621.7/9(075.32) | ||
| 100 | _aანდრიაშვილი ი. | ||
| 245 | _aლითონთა ტექნოლოგია | ||
| 245 | _bსახელმძღვანელო პროფესიულ-ტექნიკური განათლების სასწავლებლებისათვის | ||
| 245 | _cრედ: ჩ გურგენიძე მხატვ: ა. კანდელაკი | ||
| 260 | _aთბილისი. | ||
| 260 | _bგანათლება | ||
| 260 | _c1967 | ||
| 300 | _a435გვ.22სმ. | ||
| 300 | _eილ.დანართები გვ.435 | ||
| 653 | _aლითონთა ტექნოლოგია | ||
| 942 | _cBK | ||
| 999 |
_c44448 _d44448 |
||